| 000 | 00631nam a2200229Ia 4500 | ||
|---|---|---|---|
| 003 | OSt | ||
| 005 | 20220916111012.0 | ||
| 006 | a|||||r|||| 00| 0 | ||
| 007 | ta | ||
| 008 | 220915b |||||||| |||| 00| 0 eng d | ||
| 024 | _a94148 | ||
| 037 | _cTextbook | ||
| 040 |
_beng _aARTS _cARTS |
||
| 041 | _aeng | ||
| 082 | _aU42:63:M3, G7 (906) | ||
| 100 | _aNathan Manfred | ||
| 245 | 0 | _aVoortrekkers of South Africa : from the earliest times to the foundation of the Republics | |
| 260 | _c1937 | ||
| 650 | _aGEOGRAPHY | ||
| 942 |
_hU42:63:M3, G7 (906) _cTB _2CC |
||
| 999 |
_c103023 _d103023 |
||